000 02631nam a2200301 4500
003 EC-UNACH
005 20251003122916.0
006 s||||gr|||| 00| 00
008 150116t9999 mx r gr 000 0 spa d
020 _a0-8151-6401-7
040 _aEC-UNACH
_cEC-UNACH
041 _aspa
082 0 4 _223
_a658
_bL001237
110 _aHarcourt S.A
245 _aAdministración y liderazgo en enfermería
250 _aQuinta edición
264 _aMadrid - España
_bHarcourt S.A
_c1996
300 _a523 páginas
_bFiguras
505 _aPARTE UNO PLANIFICACIÓN -- Capítulo 1. Planificación estratégica y operativa -- Objetivos del capítulo -- Principales conceptos y definiciones -- Proceso de planificación -- Historia de la planificación estratégica -- Propósito de la planificación estratégica, -- Proceso de la planificación estratégica -- Propósito o establecimiento de la misión -- Filosofía -- Planteamientos de finalidad y objetivos -- Estudio de un caso, Consideraciones básicas y actividades de aprendiz -- Capítulo 2. Proceso de toma de decisiones -- Objetivos del capítulo -- Principales conceptos y definiciones -- Proceso de toma de decisiones -- Identificar el problema y analizar la situación Examen de las alternativas -- PARTE DOS ORGANIZACIÓN Capítulo 8. Estructura organizativa -- Objetivos del capítulo -- Principales conceptos y definiciones -- Estructura organizativa -- Estructura burocrática -- Modelos organizativos adaptables -- Estudio de un caso -- Consideraciones básicas y actividades de aprendizaje -- Capítulo 9. Conceptos organizativos -- Objetivos del capítulo -- Principales conceptos y definiciones -- Organigrama -- Área de administración -- Estructuras horizontales y verticales, 142 Descentralización frente a centralización -- Fusiones -- Relaciones línea-plantilla -- Estudio de un caso -- Consideraciones básicas y actividades de aprendizaje, Capítulo 10. Cultura organizativa -- Objetivos del capítulo -- Principales conceptos y definiciones -- Cultura organizativa -- Políticas -- Procedimientos -- Estudio de un caso -- Consideraciones básicas y actividades de aprendizaje, Capítulo 11. Cambio organizativo -- Objetivos del capítulo -- Principales conceptos y definiciones.
650 _aGESTIÓN ENFERMERÍA
650 _aADMINISTRACIÓN HOSPITALES
650 _aESTRUCTURA ORGANIZATIVA DE ENFERMERÍA
700 _aMarriner-Tomey, Ann
942 _2ddc
_c1
999 _c13971